LEADER 01414nam a2200349 a 4500 001 000000124884 003 CaOOAMICUS 005 20110331121052.0 008 110331s2010 it u000 u ita r 020 $a978-88-07-10439-8 040 $aPUL$bita 041 1 $aita$heng 082 04$a306.36 100 1 $aSennett, Richard,$d1943-$0(OLS)http://pul/name/42613 240 10$aCraftsman.$lItaliano.$0(OLS)http://pul/title/157450 245 12$aL'uomo artigiano /$cRichard Sennett ; traduzione di Adriana Bottini. 260 $aMilano :$bFeltrinelli,$c©2010. 300 $a311 p. ;$c22 cm. 490 1 $aCampi del sapere / Feltrinelli 500 $aInclude indice. 504 $aInclude riferimenti bibliografici. 650 4$aLavoro$xAspetti socio-culturali.$0(OLS)http://pul/subject/37537 700 1 $aBottini, Adriana.$0(OLS)http://pul/name/76001 830 0$aCampi del sapere (Feltrinelli).$0(OLS)http://pul/title/20268 850 $aPUL 852 $aPUL$W1$xSL Diritto e Scienze Sociali 3$y79$m306. 36 SENRI 1$j143804$qDDC 21$B142817$CPULBib$Z2$F142817 $H116530 $82 941 1 $a9 996 $6020$a978-88-07-10439-8$9(OLS)http://pul/number/146831 996 $6082$a306.36$9(OLS)http://pul/classification/1943 996 $6245$aL'uomo artigiano$9(OLS)http://pul/title/157451 996 $6260$aMilano :$bFeltrinelli$9(OLS)http://pul/publisher/48846 LEADER 01769nam a2200361 a 4500 001 000000128288 003 CaOOAMICUS 005 20120330141445.0 008 120330s2011 it d u000 u ita r 020 $a978-88-343-2130-0 040 $aPUL$bita 082 04$a262 245 00$aRipensare lo sviluppo :$bsfide e prospettive dalla "Caritas in veritate" /$cLuciano Boggio ... [et al.] ; a cura di Simona Beretta, Evandro Botto, Ferdinando Citterio. 260 $aMilano :$bVita e pensiero,$c©2011. 300 $aXV, 217 p. :$bgrafici ;$c22 cm 490 1 $aStudi ;$v01 504 $aBibliografia in nota. 610 24$aPapi (2005-2013 : Benedictus XVI)$tCaritas in veritate.$0(OLS)http://pul/subject/38365 650 4$aChiesa$xDottrina sociale.$0(OLS)http://pul/subject/7162 700 1 $aBoggio, Luciano,$d1941-$0(OLS)http://pul/name/7705 700 1 $aBeretta, Simona.$0(OLS)http://pul/name/69395 700 1 $aBotto, Evandro,$d1947-$0(OLS)http://pul/name/4266 700 1 $aCitterio, Ferdinando.$0(OLS)http://pul/name/30358 710 2 $aUniversitą Cattolica del Sacro Cuore$pCentro di Ateneo per la Dottrina Sociale della Chiesa.$0(OLS)http://pul/name/75798 830 0$aStudi (Vita e Pensiero) ;$v01.$0(OLS)http://pul/title/162116 850 $aPUL 852 $aPUL$W1$xSL Religione 3$y85$m262 BERSI 1$j148472$qDDC 21$B147069$CPULBib$Z2$F147069 $H118833 $82 941 1 $a9 996 $6020$a978-88-343-2130-0$9(OLS)http://pul/number/149381 996 $6082$a262$9(OLS)http://pul/classification/438 996 $6245$aRipensare lo sviluppo :$bsfide e prospettive dalla "Caritas in veritate"$9(OLS)http://pul/title/162115 996 $6260$aMilano :$bVita e pensiero$9(OLS)http://pul/publisher/48016